000 01004nam a2200337 a 4500
001 2147977
003 OSt
005 20140310181740.0
008 980312s1997 nyua j 000 0 eng d
010 _a 98126279
020 _a0590375105 (pbk.)
035 _a(OCoLC)38594594
040 _aTxIr
_cTxIr
_dDLC
042 _alccopycat
050 0 0 _aLB 1576
_b.B258 1997
082 _aTR 153.4
_bB63 1997
100 1 _aBarlow, Bob.
240 1 0 _aBook of brain boosters
245 1 0 _aBob Barlow's book of brain boosters! /
_cBob Barlow.
246 3 0 _aBrain boosters
260 _aNew York :
_b Scholastic Professional Books,
_cc1997.
300 _a64 p. :
_bill. ;
_c28 cm.
520 _a1. Critical thinking.
521 2 _aFaculty
541 _j1
562 _e1
650 0 _aCreative writing (Elementary education)
906 _a7
_bcbc
_ccopycat
_d2
_encip
_f19
_gy-gencatlg
942 _2lcc
_cBK-TR
_kTR
999 _c2730
_d2730